Mejores prácticas de capacitación
Se enfoca en identificar y describir las estrategias más efectivas para el desarrollo y mejora de habilidades en diversos contextos. Este compendio, basado en experiencias exitosas, busca proporcionar un marco integral para la planificación, implementación y evaluación de programas de capacitación....
Uloženo v:
| Médium: | Kniha |
|---|---|
| Jazyk: | Spanish |
| Témata: | |
| Tagy: |
Přidat tag
Žádné tagy, Buďte první, kdo vytvoří štítek k tomuto záznamu!
|
MARC
| LEADER | 00000nam a22000007a 4500 | ||
|---|---|---|---|
| 003 | cru CIDCACS/IIS | ||
| 005 | 20240111093014.0 | ||
| 008 | 230328s2003 -us|||p|r|||| 00| 0 spa d | ||
| 040 | |c cru CIDCACS/IIS | ||
| 245 | |a Mejores prácticas de capacitación | ||
| 300 | |a páginas 13-15 : |b foto | ||
| 520 | |a Se enfoca en identificar y describir las estrategias más efectivas para el desarrollo y mejora de habilidades en diversos contextos. Este compendio, basado en experiencias exitosas, busca proporcionar un marco integral para la planificación, implementación y evaluación de programas de capacitación. El documento aborda en detalle aspectos clave, como el diseño de contenido, métodos de entrega, evaluación de impacto y adaptación a las necesidades del público objetivo. Se espera que incluya ejemplos concretos de organizaciones o empresas que hayan logrado resultados significativos a través de la implementación de prácticas innovadoras en el ámbito de la capacitación. El enfoque en las mejores prácticas busca ofrecer a los lectores una guía práctica y útil para optimizar la efectividad de los programas de capacitación, destacando estrategias probadas que pueden ser adaptadas y aplicadas en diversos entornos y sectores. RAR 01/2024 | ||
| 650 | 0 | |a CAPACITACION |2 OCDE |9 292 | |
| 650 | 0 | |a DESARROLLO DE HABILIDADES |2 OCDE |9 10573 | |
| 650 | 0 | |a IMPACTO |2 OCDE |9 7714 | |
| 650 | 0 | |a ADAPTACION |2 OCDE |9 510 | |
| 650 | 0 | |a PROGRAMAS DE CAPACITACION |2 OCDE |9 3325 | |
| 650 | 0 | |a ORGANIZACIONES |2 OCDE |9 11641 | |
| 650 | 0 | |a INNOVACIONES |2 OCDE |9 5318 | |
| 773 | 0 | |0 44848 |9 8562 |d Maryland, Estados Unidos : Population Information Program |o 17825 |t Population Reports / | |
| 942 | |2 ddc |c PP | ||
| 999 | |c 44851 |d 44851 | ||
